| 000 | 00525nam a2200193Ia 4500 | ||
|---|---|---|---|
| 008 | 151119s9999||||xx |||||||||||||| ||und|| | ||
| 082 | _a181.4 | ||
| 082 | _bGKKV13931 | ||
| 100 | _aश्रीधर स्वामी | ||
| 245 | _aअमृतवाणी | ||
| 260 | _a-- | ||
| 260 | _b-- | ||
| 260 | _c1981 | ||
| 600 | _aश्रीधर स्वामी | ||
| 630 | _aअमृतवाणी | ||
| 700 | _aश्रीधर स्वामी | ||
| 730 | _aअमृतवाणी | ||
| 942 | _cBOOK | ||
| 999 |
_c1067509 _d1067506 |
||